Money politics in the Barisan Nasional

Bibliographic Details
Main Author: Gomez, Edmund Terence
Format: Book
Published: Kuala Lumpur : Forum , 1991
Subjects:

MARC

LEADER 00000cam a2200000 7i4500
001 0000008343
002 000009095
005 20000330.0
020 |a 9838760056 
090 0 0 |a 364.13   |b GOM 
100 1 |a Gomez, Edmund Terence 
245 1 0 |a Money politics in the Barisan Nasional   |c Edmund Terence Gomez 
260 |a Kuala Lumpur :   |b Forum ,   |c 1991 
300 |a 104p. ;   |c 16cm. 
650 0 0 |a Political clubs   |z Malaysia 
650 0 0 |a Politics, practical   |z Malaysia 
999 |a 052833   |b BUKU   |c MALAYSIANA   |e PERPUSTAKAAN KOMUNITI PETALING JAYA